Requerimiento físico y lógico de los centros de cómputos de la Facultad de Tecnología de la Industria para satisfacer la demanda estudiantil de las carreras de Ingeniería Industrial e Ingeniería Mecánica

El objetivo de este estudio es de diseñar un plan de mejora de las condiciones funcionales de los centros de cómputos de tecnología de la industria, donde se debe implementar normas de seguridad e higiene para el buen funcionamiento de estos centros, donde se enfocara inicialmente en el mantenimi...

Full description

Bibliographic Details
Main Authors: Mojica Pravia, Josué Ramón, Cuadra Ramos, Elbia María Julieth
Other Authors: Tutor: Boza Castro, Freddy Fernando
Format: Tesis Section = Libro
Language:Undetermined
Spanish
Published: Managua UNI 2020
Subjects:
LEADER 01404nam a2200265Ia 4500
008 240830s9999 xx 000 0 und d
040 |a BIBLIOTECA-RUPAP Mon 004.68 M715 
041 |a spa 
082 |a Mon 004.68 M715 
100 1 |a Mojica Pravia, Josué Ramón 
100 1 |b Cuadra Ramos, Elbia María Julieth 
245 1 0 |a Requerimiento físico y lógico de los centros de cómputos de la Facultad de Tecnología de la Industria para satisfacer la demanda estudiantil de las carreras de Ingeniería Industrial e Ingeniería Mecánica 
260 |a Managua  |b UNI  |c 2020 
300 |a 66 p. :il. 
500 |a Contiene: anexos y CD. 
502 |a Tesis (Ingeniero Industrial)- UNI, 2020. 
520 3 |a El objetivo de este estudio es de diseñar un plan de mejora de las condiciones funcionales de los centros de cómputos de tecnología de la industria, donde se debe implementar normas de seguridad e higiene para el buen funcionamiento de estos centros, donde se enfocara inicialmente en el mantenimiento preventivo de hardware que se realiza para prevenir que las impurezas del ambiente dañen los equipos. 
650 7 |a REDES DE COMPUTADORES 
650 7 |b LABORATORIOS DE COMPUTOS 
650 7 |c TECNOLOGIA DE LA INFORMACIONI 
650 7 |d  CENTROS DE COMPUTOS-DOTACION DE EQUIPOSOS 
700 1 |a Tutor:  |b Boza Castro, Freddy Fernando 
942 |c BK  |2 ddc 
991 |a TESIS 
999 |c 15278